| 000 | 00859nam a2200229 a 4500 | ||
|---|---|---|---|
| 005 | 20200104041551.0 | ||
| 008 | 140317b20031994pn a gr|||| 000 0 eng d | ||
| 020 | _a9962880602 | ||
| 040 |
_aCO-BoIAVH _cCO-BoIAVH |
||
| 041 | 0 | _aeng | |
| 044 | _apn | ||
| 082 | 0 | 4 |
_a577.307072 _bG89d |
| 110 | 2 | _bGrupo Aprender con la Naturaleza | |
| 245 | 1 | 2 |
_aA day of adventure in the forest : _benvironmental activities for protected areas / _cGrupo Aprender con la Naturaleza |
| 246 |
_aUn día de aventura en el bosque : _bactividades ambientales para áreas protegidas |
||
| 260 |
_aPanamá : _bGrupo Aprender con la Naturaleza, _c2003. |
||
| 300 |
_a412 páginas : _bIlustraciones, _c26 x 21 cm. |
||
| 650 | 6 | _aEducación ambiental | |
| 650 | 6 |
_aÁreas naturales protegidas _zPanamá |
|
| 650 | 6 | _aGuías ambientales | |
| 942 |
_cLIBRO _2ddc |
||
| 999 |
_c4563 _d4563 |
||